'D' TV Shows by Cast Photo Quiz Stats

 Plays Quiz Updated Feb 2, 2016

Challenge
Share
Tweet
Score 0/20 Timer 08:00
2 Plays Today
% Correct
Dawson's Creek
87.9%
Downton Abbey
87.9%
Dallas
84.1%
Desperate Housewives
83.8%
Dexter
80.6%
Doctor Who
77.4%
The Drew Carey Show
75%
Doogie Howser, M.D.
73%
Dharma and Greg
72.1%
The Dukes of Hazzard
71.7%
% Correct
Diff'rent Strokes
67.4%
The Dick Van Dyke Show
67.3%
Deadwood
51.5%
Drake and Josh
41.8%
Daredevil
41.3%
Don't Trust the B---- in Apartment 23
36.1%
Diagnosis: Murder
34.7%
Damages
32.3%
Dark Angel
25.8%
Dollhouse
24.2%

You're not logged in!

Compare scores with friends on all Sporcle quizzes.
OR
Log In

You Might Also Like...

Show Comments

Extras

Top Quizzes Today


Score Distribution

Your Account Isn't Verified!

In order to create a playlist on Sporcle, you need to verify the email address you used during registration. Go to your Sporcle Settings to finish the process.

Report this User

Report this user for behavior that violates our Community Guidelines.

Details: